|
|
|
|
| LEADER |
00000nam a2200000 a 4500 |
| 001 |
vtls001223854 |
| 003 |
SK-MaSNL |
| 005 |
20260301154622.0 |
| 008 |
130606s1996 xo 0 slo |
| 015 |
|
|
|a SNBJ1997/03-01219
|
| 035 |
|
|
|a SNK000170092
|
| 040 |
|
|
|a SNK
|b slo
|c SNK
|e AACR2
|
| 044 |
|
|
|a xo
|c SK
|
| 080 |
|
|
|a 784.66:785.1(086.7)
|2 1981
|
| 245 |
1 |
|
|a Ty si tá pravá
|h zvukový dokument
|
| 260 |
|
|
|a Bratislava
|b Radio Bratislava
|c 1996
|
| 300 |
|
|
|a 1 magnetofónová kazeta (59 min. 58 sek.)
|b stereo
|
| 500 |
|
|
|a Fotograf, grafická úprava Alexander Klinko
|
| 505 |
0 |
|
|a Obsahuje 15 piesní
|
| 508 |
|
|
|a Aranžmán Pavel Zajáček, Otto Weiter, Pavel Šindler
|
| 511 |
|
|
|a Pavel Zajáček, dirigent
|
| 511 |
|
|
|a Inštrumentálne sóla Jirko Vana, Pavol Ruček, Pavel Zajáček, Peter Frkal
|
| 511 |
|
|
|a Spievajú Otto Weiter, Monika Nováková
|
| 511 |
|
|
|a Hrá Orchester Pavla Zajáčka
|
| 511 |
|
|
|a Spoluúčinkuje vokálna skupina Trend
|
| 650 |
0 |
7 |
|a populárna hudba
|x kazety magnetofónové
|2 SNK
|9 283658
|
| 655 |
|
7 |
|a magnetofónové kazety
|2 SNK
|9 70693
|
| 700 |
1 |
|
|a Zajáček, Pavel,
|d 1951-
|4 ara
|4 dir
|4 uci
|9 13684
|
| 700 |
1 |
|
|a Weiter, Otto,
|d 1955-
|4 ara
|4 roz
|
| 700 |
1 |
|
|a Šindler, Pavel
|4 ara
|9 47159
|
| 700 |
1 |
|
|a Farkaš, Viliam,
|d 1931-2005
|4 dir
|9 43651
|
| 700 |
1 |
|
|a Nováková, Monika
|4 roz
|9 6916
|
| 700 |
1 |
|
|a Vana, Jirko,
|d 1955-
|4 uci
|9 62934
|
| 700 |
1 |
|
|a Ruček, Pavol,
|d 1972-
|4 uci
|9 46606
|
| 700 |
1 |
|
|a Frkal, Peter
|4 uci
|9 43783
|
| 700 |
1 |
|
|a Klinko, Alexander
|4 fot
|9 9117
|
| 710 |
0 |
|
|a Orchester Pavla Zajáčka
|4 uci
|9 19162
|
| 710 |
0 |
|
|a Trend (vokálna skupina)
|4 uci
|9 284190
|
| 999 |
|
|
|c 797481
|d 799411
|
| 952 |
|
|
|t P60, <03>, [BOOK], {603}
|a SNK
|b SNK
|y PREZ
|7 0
|p 17A0052662
|o snkK 1925
|i snkJK 206/97
|0 0
|1 0
|4 0
|d 1997-03-13
|l 0
|r 2005-01-01 00:00:00
|w 2026-02-24
|